000 01118pam a2200301 a 4500
001 3958323
003 OSt
005 20160810144059.0
008 940111s1994 vaua b 001 0 eng
010 _a 94000140
020 _a0873533747
040 _aDLC
_cDLC
_dDLC
043 _an-us---
050 0 0 _aQA13
_b.W56 1994
082 0 0 _a510/.071/2
_220
245 0 0 _aWindows of opportunity :
_bmathematics for students with special needs /
_cedited by Carol A. Thornton and Nancy S. Bley.
260 _aReston, Va. :
_bNational Council of Teachers of Mathematics,
_cc1994.
300 _ax, 466 p. :
_bill. (some col.) ;
_c26 cm.
504 _aIncludes bibliographical references and index.
650 0 _aMathematics
_xStudy and teaching
_zUnited States.
650 0 _aGifted children
_xEducation
_xMathematics.
650 0 _aChildren with disabilities
_xEducation.
700 1 _aThornton, Carol A.
700 1 _aBley, Nancy S.
906 _a7
_bcbc
_corignew
_d1
_eocip
_f19
_gy-gencatlg
942 _2lcc
_cBOOKS
999 _c13337
_d13337